| 000 | 01300nam a22002895a 4500 | ||
|---|---|---|---|
| 003 | OSt | ||
| 005 | 20161204102059.0 | ||
| 008 | 161204s2012 ua frb 000 0 ara d | ||
| 015 | _a2012/11042 | ||
| 020 | _a9789770470113 | ||
| 040 |
_aEG-ScBUE _bara _cEG-ScBUE |
||
| 043 | _af-ua--- | ||
| 082 | 0 | 4 |
_a346.6204 _bد س و _222 |
| 100 | 1 | _aدسوقي، عيد سعد. | |
| 245 | 1 | 0 |
_aحماية الملكية الخاصة في القضاءين الإداري والدستوري : _bدراسة مقارنة / _cعيد سعد دسوقي محمد. |
| 246 | 3 |
_aحماية الملكية الخاصة في القضائيين الإداري والدستوري : _bدراسة مقارنة |
|
| 260 |
_aالقاهرة : _bدار النهضة العربية، _c2012. |
||
| 300 |
_a648 ص. ؛ _c24 سم. |
||
| 502 | _6الأصل أطروحة (دكتوراه) - جامعة اسيوط. كلية الحقوق. قسم القانون العام. | ||
| 504 | _aيشتمل على إرجاعات ببليوجرافية. | ||
| 650 | 7 |
_aالملكية الخاصة _xقوانين وتشريعات _zمصر. _2BUEsh |
|
| 650 | 7 |
_aالقضاء الإداري _zمصر. _2BUEsh _941077 |
|
| 650 | 7 |
_aالقضاء الدستوري _zمصر. _2BUEsh |
|
| 651 | _2BUEsh | ||
| 653 |
_bLLAAWW _cDecember2016 |
||
| 942 | _2ddc | ||
| 999 |
_c23424 _d23396 |
||